000 00789nam a2200229 a 4500
001 000027298
003 AM-YEHGA
005 20250618070910.0
008 980320s1977 ai ||||gr|||||||||0|arm|d
040 _aAM-YeHGA
041 0 _aarm
100 1 _aՋրբաշյան, Էդվարդ Մկրտչի,
_d1923-1999
_9108
245 1 0 _aՄիսաք Մեծարենց /
_cԷդ.Մ. Ջրբաշյան ; ԵՀՊ.
250 _a2-րդ հրատ., վերամշակ.
260 _aԵրևան :
_bԵՊՀ հրատ.,
_c1977.
300 _a192 էջ,
_bդիմանկ., լուսանկ.
504 _aՏողատակի ծանոթագր.
600 1 4 _aՄեծարենց, Միսաք Կարապետի,
_d1886-1908
_91636
650 1 4 _aԱրևմտահայ բանաստեղծներ
942 _2udc
_cBK
090 _c11825
999 _c11734
_d11734